[Event "POL-chT 66th"]
[Site "Katowice"]
[Date "2010.09.10"]
[Round "7"]
[White "Pakleza, Zbigniew"]
[Black "Swiercz, Dariusz"]
[Result "0-1"]
[WhiteElo "2509"]
[BlackElo "2507"]
[Annotator "RR"]
[PlyCount "76"]
[EventDate "2010.09.04"]
[EventType "team-tourn"]
[EventRounds "9"]
[EventCountry "POL"]
[SourceTitle "EXT 2016"]
[Source "ChessBase"]
[SourceDate "2015.10.08"]
[SourceVersion "1"]
[SourceVersionDate "2015.10.08"]
[SourceQuality "1"]
[WhiteTeam "Lublin"]
[BlackTeam "Wroclaw Polonia"]
[WhiteTeamCountry "POL"]
[BlackTeamCountry "POL"]

1. d4 d5 2. Bf4 $1 {Le système de Londres "amélioré" avec Bf4 joué avant
Nf3} Nf6 3. e3 c5 4. c3 Nc6 5. Nd2 Qb6 (5... cxd4 6. exd4 Bf5 7. Ngf3 e6 8. Qb3
Qc8 9. Nh4 Be4 10. Nxe4 Nxe4 11. Nf3 Bd6 12. Bg3 Nxg3 13. hxg3 Qc7 14. Bd3 h6
15. g4 O-O-O 16. Kf1 Kb8 17. a4 Rhe8 18. a5 Nxa5 19. Qa4 Nc6 20. b4 Qb6 21. g3
e5 22. b5 Nxd4 23. cxd4 e4 24. Be2 exf3 25. Bxf3 Be7 26. Kg2 Bf6 27. Rhd1 Re7
28. Ra2 Rc7 29. Qb3 Rc4 30. Bxd5 Rxd4 31. Rxd4 Qxd4 32. Bf3 Rd7 33. Re2 Be5 34.
Qa3 Qd6 35. Qa5 {Kamsky,G (2683)-Wojtaszek,R (2737) Sochi 2015 1/2-1/2}) 6. Qb3
c4 (6... Bf5 7. dxc5 {[%csl Rb7]}) 7. Qc2 g6 (7... Bg4) (7... Nh5 $1 8. Bg5 h6
9. Bh4 g5 10. Be2 Ng7 11. Bg3 Bf5 $11) 8. h3 Bg7 9. Ngf3 Bf5 10. Qc1 Rc8 11.
Be2 O-O 12. O-O Ne4 (12... Rfe8 13. Re1 Ne4 14. Nxe4 Bxe4 15. Nd2 e5 16. Nxe4
dxe4 17. Bg3 exd4 18. exd4 Ne7 19. Bd1 Nd5 20. Ba4 Re7 21. Qg5 f5 22. b3 e3 23.
bxc4 h6 24. Qh4 Re4 25. Qxe4 fxe4 26. cxd5 Rxc3 27. Rxe3 Rxe3 28. fxe3 Bxd4 29.
Rd1 Bxe3+ 30. Kh1 Bg5 31. d6 e3 32. Bb3+ Kf8 33. Rf1+ Ke8 {1-0 (33) Yurtseven,
M (2166)-Stefanova,A (2531) Albena 2013}) 13. Re1 Nxd2 14. Qxd2 Rfd8 15. Bg3
Qa5 (15... f6 $5 {[%cal Ge7e5]}) 16. Nh4 Bd7 17. f4 b5 (17... Bf5 $5 18. Nxf5
gxf5 {[%csl Re3,Rg3]}) 18. a3 Qb6 19. Bf3 e6 20. e4 $2 Na5 (20... Nxd4 $1 21.
Bf2 (21. cxd4 Qxd4+ 22. Qxd4 Bxd4+ 23. Bf2 Bxb2 $44 {[%csl Gc4]}) 21... Nxf3+)
21. Rad1 dxe4 (21... Bc6) 22. Bxe4 Bc6 23. Bxc6 Nxc6 24. Nf3 Rd5 25. Kh1 (25.
Bf2 {[%cal Gf2d4]}) 25... a5 $1 {[%cal Gb5b4]} 26. Qe2 Ne7 27. Ne5 Nf5 28. Bh2
Qb7 {[%cal Gb7h1]} 29. Kg1 Nd6 30. h4 $6 {[%csl Rf4,Rh2,Rh4]} h5 $17 31. g4
hxg4 32. Qxg4 Nf5 33. h5 gxh5 34. Qxh5 f6 35. Ng6 Qf7 $1 $17 {[%cal Gf7h5,
Gf7e6]} 36. Qg4 Kh7 37. Nh4 Rg8 {[%csl Rg1,Rg4][%cal Gg8g1]} 38. Kh1 $2 (38.
Ng2 $8) 38... Bh6 0-1

[Event "Olympiad-34"]
[Site "Istanbul"]
[Date "2000.11.06"]
[Round "9.3"]
[White "Hodgson, Julian M"]
[Black "Thorhallsson, Throstur"]
[Result "1-0"]
[WhiteElo "2640"]
[BlackElo "2454"]
[Annotator "Rabinovich,Al"]
[PlyCount "63"]
[EventDate "2000.10.28"]
[EventType "team-swiss"]
[EventRounds "14"]
[EventCountry "TUR"]
[SourceTitle "EXT 2001"]
[Source "ChessBase"]
[SourceDate "2000.11.22"]
[SourceVersion "1"]
[SourceVersionDate "2000.11.22"]
[SourceQuality "1"]
[WhiteTeam "England"]
[BlackTeam "Iceland"]
[WhiteTeamCountry "ENG"]
[BlackTeamCountry "ISL"]

1. d4 d5 2. Bg5 h6 3. Bh4 c6 (3... c5 4. Nc3 Nc6 5. e3 cxd4 6. exd4 Nf6 {
1/2-1/2 Taimanov,M-Portisch,L/Havana 1964/MCD (17)}) 4. Nf3 (4. e3 Qb6 5. Qc1
e5 $13 (5... e5 6. Nf3 exd4 7. Nxd4 c5 8. Nf3 Be7 9. Bg3 Bf6 10. Nc3 Ne7 11.
Nb5 O-O 12. c3 Na6 13. Be2 Nf5 14. Bf4 Bd7 15. Na3 Rfe8 $15 {1/2-1/2
Miladinovic,I-Sokolov,I/Istanbul TUR 2000/The Week in Chess 313 (49)})) 4...
Qb6 5. Qc1 Bf5 (5... Bg4 6. Nbd2 Nd7 7. e3 e6 8. c4 Be7 9. Bg3 Ngf6 10. Bd3
Bxf3 11. Nxf3 Qa5+ 12. Nd2 Nh5 13. a3 Nxg3 14. hxg3 dxc4 15. Qxc4 O-O $13 {
1-0 Hodgson,J-Gurevich,M/Delmenhorst GER 2000/The Week in Chess 276 (48)}) 6.
c4 e6 7. Nc3 Be7 8. Bg3 {White's plan is to play c4-c5. The bishop will help
prevent the break e6-e5.} Nf6 9. c5 Qd8 10. e3 Nbd7 11. h3 {[%cal Rf6h5,Gg3h2]}
O-O 12. b4 Ne4 13. Nxe4 Bxe4 14. Nd2 Bh7 15. Qc3 Re8 {Black is preparing e6-e5.
} 16. Bd3 Bxd3 17. Qxd3 Bh4 (17... a5 18. b5 e5 19. O-O $14) 18. Bd6 (18. Bxh4
$2 Qxh4 {After e6-e5 Black will have no problems.}) 18... e5 (18... Be7 19. Bh2
) 19. O-O Bf6 {Probably better was:} (19... exd4 20. exd4 b6 21. a4 {[%cal
Gb4b5]} Be7 {Trying to break White's pawn chain.} 22. Bxe7 (22. Bh2 a5 23. cxb6
Bxb4 24. Bc7 Qc8 {[%csl Rb6][%cal Gc8b7]}) 22... Qxe7 23. cxb6 $6 axb6 24. a5
Qxb4 25. a6 Ra7 26. Rfb1 Qd6 $17) (19... e4 20. Qe2 Re6 21. b5 Rg6 22. bxc6
bxc6 23. Rab1 Qg5 24. g3 {[%cal Gb1b7] Black has nothing decisive, and White's
attack on the queenside is very fast.}) 20. a4 a6 21. b5 {White's attack is
very simple and easy.} axb5 22. axb5 Rxa1 23. Rxa1 exd4 24. exd4 cxb5 $6 {
Weakening all his queenside,but what to do?! Black pieces are too pasive to
find some counterplay.} (24... b6 25. Ra7 $1 $16 (25. bxc6 $6 Nxc5 $1 {And
Black is fine.}) 25... bxc5 26. dxc5 Ne5 27. Bxe5 Bxe5 28. bxc6 $16) (24... Nf8
25. Ra7 Ne6 26. Rxb7 cxb5 27. Nb3 Qa8 28. Qxb5 Nxd4 29. Nxd4 Bxd4 30. Qd7 $18 {
[%csl Rf7]}) 25. Nf3 {Now white gains a big advantage.} b6 26. Ra7 bxc5 27.
Qxb5 Nf8 28. dxc5 {[%cal Gc5c8] The c5 pawn is almost unstopable.} Qc8 29. Rb7
{[%cal Gb7b8]} Qa8 30. c6 Qa1+ 31. Kh2 Ne6 32. c7 {[%cal Gb7b8]} 1-0

[Event "Excelsior Cup"]
[Site "Gothenburg"]
[Date "2001.??.??"]
[Round "7"]
[White "Bellon Lopez, Juan Manuel"]
[Black "Aaberg, Anton"]
[Result "1-0"]
[WhiteElo "2430"]
[BlackElo "2300"]
[Annotator "Rabinovich,Al"]
[PlyCount "121"]
[EventDate "2001.01.08"]
[EventType "tourn"]
[EventRounds "9"]
[EventCountry "SWE"]
[EventCategory "7"]
[SourceTitle "CBM 081"]
[Source "ChessBase"]
[SourceDate "2001.03.20"]
[SourceVersion "1"]
[SourceVersionDate "2001.03.20"]
[SourceQuality "1"]

1. d4 d5 2. Bg5 c6 (2... c5 3. e4 dxe4 4. d5 Qb6 5. Nc3 Qxb2 6. Bb5+ Bd7 7. Bd2
Qb4 8. Rb1 Qa5 9. Bxd7+ Nxd7 10. Rxb7 Qa6 11. Qb1 Ngf6 12. Nge2 $13 {1-0
Lobron,E-Nadanian,A/Saint Vincent ITA 2000/The Week in Chess 297 (30)}) (2...
h6 3. Bh4 c6 4. Nf3 Qb6 5. Qc1 Bg4 6. Nbd2 Nd7 7. e3 e6 8. c4 Be7 9. Bg3 Ngf6
10. Bd3 Bxf3 11. Nxf3 Qa5+ 12. Nd2 Nh5 13. a3 Nxg3 14. hxg3 dxc4 15. Qxc4 O-O
16. b4 $14 {1-0 Hodgson,J-Gurevich,M/Delmenhorst GER 2000/The Week in Chess
276 (48)}) 3. e3 {White can also play here 3.Nf3 the difference is that in the
3.Nf3 line white doesn't let black to play e5 so fast.} h6 4. Bh4 (4. Bf4) 4...
Qb6 5. Qc1 (5. Nd2 Bf5 6. Bd3 Bxd3 7. cxd3 $13) 5... e5 (5... Bf5 6. Nf3 e6 7.
c4 Be7 8. Bxe7 Nxe7 9. Nc3 Nd7 $11 {Black solved all opening problems.}) 6. Nf3
e4 (6... exd4 7. exd4 $14) 7. Nfd2 Ne7 (7... Be7 $5 8. Bg3 h5 {Mikhalevski,A} (
8... Nf6 9. c4 O-O 10. Nc3 Be6 11. Be2 {With interesting French Defence
structure.}) 9. c4 h4 10. Bf4 g5 11. Be5 f6 12. Bxb8 Rxb8 13. Nc3 Be6 14. Qc2
f5 $13) 8. f3 $6 $146 {New idea.But too soon,white is not ready yet for
opening the game.Better was 8.c4} (8. c4 Nf5 9. Bg3 Nxg3 10. hxg3 Be6 11. Nc3
Nd7 12. cxd5 cxd5 13. Nb5 {[%cal Gb5c7]} Kd8 14. Qc2 Rc8 15. Nc3 Bd6 16. Be2
$13) 8... f5 $2 (8... Nf5 $5 9. Bf2 exf3 10. gxf3 c5 $11) 9. fxe4 fxe4 10. Be2
{[%cal Ge2h5]} g6 11. c4 (11. O-O Nf5 $44) 11... Be6 (11... Nf5 12. Bf2 Be6 13.
O-O Bg7 14. g4 Ne7 15. Bg3 $36) 12. Nc3 Nd7 13. O-O $14 Bg7 {[%cal Ge7f5]} 14.
Ndxe4 $6 {Interesting piece sacrafise,but unfortunatly not completly correct.
It is difficult to calculate everything,but sometimes you should count on your
hunch.} (14. c5 Qc7 15. Bg3 Qd8 16. Ndxe4 dxe4 17. Nxe4 Nf5 18. Nd6+ Nxd6 19.
Bxd6 Qg5 {[%cal Ge8c8]} 20. Bf4 Qe7 21. Bd6 $11) (14. Bxe7 $5 Kxe7 15. b3 {
[%cal Gc1a3]} Raf8 16. Qa3+ Ke8 17. c5 $6 (17. Qd6 $1 c5 18. Qg3 $36) 17... Qd8
{[%cal Gd8g5]}) 14... dxe4 15. c5 Nxc5 $5 {Taking the easy way.Black leaves
all the calculations on side and chooses simple line that at least gives him
equal chances.} (15... Qc7 $5 16. Nxe4 Nf5 17. Bg3 (17. Rxf5 $1 gxf5 (17...
Bxf5 18. Nd6+ Kf8 19. Qc4 Nf6 20. Rf1 Qe7 21. e4 Be6 22. d5 cxd5 (22... Bg8 23.
Qc3 g5 24. e5 $18) 23. Qd4 g5 24. e5 gxh4 25. exf6 Kg8 26. Qe5 $3 $18 {Only
computer can find such a moves.}) 18. Nd6+ Kf8 19. Bc4 Bxc4 20. Qxc4 Nb6 21.
Qd3 Kg8 22. Rf1 Rf8 23. Rxf5 Nd5 (23... Rxf5 24. Qxf5 Nd5 25. Kh1 {[%cal Ge3e4]
} b6 26. e4 Ne3 27. Qg6 {[%cal Ge4e5,Ge5e6,Ge6e7]} Qd7 28. e5 $44 {[%csl Rh8]})
24. Rxf8+ Bxf8 25. e4 Bxd6 26. cxd6 Qxd6 27. exd5 cxd5 $11 {Black has exchange
for a pawn,but his K is weak.The game probably should end piecefully.}) 17...
Nxg3 18. Nxg3 O-O-O 19. b4 {It looks like white doesn't have enough
compensation for piece.}) 16. dxc5 Qxc5 17. Nxe4 Qxc1 18. Raxc1 Nf5 $15 19.
Nf6+ $6 {White must understand that his attack is over and to hold a bit worse
position.The move in the text could cost white a lot.} (19. Bg4 O-O 20. Nd6 (
20. b3 Rae8 $15) 20... Bxb2 21. Rb1 Be5 22. Nxb7 Bxa2 $17) (19. Bf6 O-O 20.
Bxg7 Kxg7 21. Bg4 Bxa2 22. Bxf5 Rxf5 23. Rxf5 gxf5 24. Nd6 Rd8 25. Nxf5+ (25.
Nxb7 Rd2 26. Rxc6 Bd5 27. Rc7+ Kf6 $17) 25... Kf6) 19... Ke7 $2 {Until this
move black played very well,now white gets good chances for a draw.} (19...
Bxf6 $1 20. Bxf6 O-O 21. Bc3 Nxe3 22. Rxf8+ Kxf8 (22... Rxf8 23. Bd4 Nf5 24.
Bf2 (24. Bxa7 Ra8 $17) 24... Rd8 $17 {Black has good chances for winning.}) 23.
Bd2 Nf5 24. g4 $11) 20. Nh5+ $8 Nxh4 21. Nxg7 Nf5 $2 {A second mistake which
looses a pawn.} (21... Bxa2 22. Bc4 Bxc4 23. Rxc4 Nf5 (23... g5 $4 24. Re4+ Kd7
25. g3 Ng6 26. Rf7+ Kc8 27. Ne8 $18 {[%cal Ge8d6]}) 24. Nxf5+ gxf5 25. Rxf5 $11
) 22. Nxe6 Kxe6 23. Bg4 $1 {[%cal Ge3e4]} Ke5 24. Bxf5 gxf5 25. Rc5+ Kd6 $6 (
25... Ke4 26. Rcxf5 (26. Kf2 Rad8 27. Ke2 Rd5) 26... Kxe3 {Although black K is
not on his terretory,white can't take a real advantage of it.}) 26. Rcxf5 $16
a5 27. a4 {[%cal Ga8a6,Ga6b6,Gb6b2]} Ra6 28. Rd1+ Kc7 29. Kf2 Rb6 30. Rd2 Rd8 {
Black is looking for counterplay.} (30... Rb4 31. Rf4) 31. Rc2 (31. Rxd8 Kxd8
32. Rxa5 Rxb2+ 33. Kf3 $16) 31... Rb4 $6 {Giving up the second pawn.} (31...
Rb3 $142 32. Rxa5 $6 Rf8+ 33. Ke2 Re8 $16) 32. Rxa5 (32. Rf4 Rxf4+ 33. exf4 Rd4
34. Kf3 Rxa4 35. g4 $16 {As we know pawns supported by K are much faster than
those who aren't.}) 32... Rf8+ 33. Ke2 Rg8 34. Kf2 Rf8+ 35. Ke1 Re8 36. Re2 Re6
37. Ra8 {Activating the R.} Kb6 38. Kd1 {Now is simple, white is two pawns up.
He has some problems with his a pawn,so he exchanges it for black b-pawn.} Kc5
39. a5 Kb5 (39... Ra4 $5 40. Ra7 Re7 41. Rd2 Kb5 (41... Rxe3 42. Rxb7 Rxa5 $4
43. b4+) 42. Rd6 h5 43. Rh6 h4 44. a6 Rxa6 45. Rxa6 bxa6 46. Rxh4 Rxe3 $18) 40.
Ra7 Kc5 41. a6 $18 bxa6 42. Rxa6 Kb5 43. Ra8 Rbe4 44. Kd2 c5 45. Rb8+ {White's
plan now is:1.To protect well his e-pawn.2.To bring the K to kingside 3.To
push pawns on kingside.} Kc6 46. Rd8 Rb4 47. Kc2 Rbe4 48. Rd3 h5 49. Kd2 h4 50.
Rf2 Rg4 51. Ke2 Reg6 52. Kf1 Rb4 53. Rc3 Rg5 54. b3 Rb8 55. Rf6+ Kb5 56. Rf4 {
Good move.Not letting black K to attack b-pawn.} Ra8 57. Rc2 Ra3 58. Rb2 {
Now the game is over.Black has nothing to do against white's plan.} Rh5 59. Kf2
Rh8 60. Kf3 Ra1 61. Rc2 1-0

[Event "Olympiad-34"]
[Site "Istanbul"]
[Date "2000.11.12"]
[Round "14.1"]
[White "Efimov, Igor"]
[Black "Kveinys, Aloyzas"]
[Result "0-1"]
[WhiteElo "2520"]
[BlackElo "2522"]
[Annotator "Rabinovich,Al"]
[PlyCount "92"]
[EventDate "2000.10.28"]
[EventType "team-swiss"]
[EventRounds "14"]
[EventCountry "TUR"]
[SourceTitle "EXT 2001"]
[Source "ChessBase"]
[SourceDate "2000.11.22"]
[SourceVersion "1"]
[SourceVersionDate "2000.11.22"]
[SourceQuality "1"]
[WhiteTeam "Italy"]
[BlackTeam "Lithuania"]
[WhiteTeamCountry "ITA"]
[BlackTeamCountry "LTU"]

1. d4 Nf6 2. Bg5 d5 3. Bxf6 exf6 (3... gxf6 4. e3 c6 (4... c5 5. dxc5 Nc6 6.
Nc3 e6 7. Qh5 Bd7 8. O-O-O b6 9. cxb6 Qxb6 10. Bb5 Rb8 11. Nge2 Ne5 12. Bxd7+
Nxd7 13. b3 Qa5 14. Kb1 f5 15. Nxd5 $16 {1-0 Plaskett,J-Jonkman,H/Mondariz ESP
2000/The Week in Chess 306 (51)}) 5. c4 e6 6. Nc3 Nd7 7. cxd5 cxd5 8. Nf3 a6 9.
Bd3 f5 10. g3 Bd6 11. Qb3 Rb8 12. O-O O-O 13. Rfc1 Qe7 14. Ne2 b5 15. Nf4 Nb6
16. Qd1 $13 {0-1 Rogers,I-Ghaem Maghami,E/Istanbul TUR 2000/The Week in Chess
313 (50)}) 4. e3 Bd6 {In exchange for the double pawns, Black has two bishops
and a free game.} 5. c4 {Anoter plan here is by not playing c4, but preparing
the long castling by Bd3, Qf3, Nd2 etc.} dxc4 (5... c6 6. cxd5 cxd5 7. Nc3 Be6
8. Qb3 Qd7 $14 {1-0 Palatnik,S-Mamalakis,G/Iraklion 1992/EXT 99 (37)}) 6. Bxc4
O-O 7. Nc3 f5 {[%cal Gb8d7,Gd7f6,Gf6e4,Gf5f4] With two ideas: to post the
knight on f6 and e4 in the future or to play f5-f4 and get rid of the double
pawn.} 8. Nge2 {[%csl Gf4] Preventing f5-f4.} Nd7 9. Qc2 Nf6 10. O-O-O a6 {
Black is preparing a counterplay on the queenside.} 11. h3 g6 12. Bb3 b5 13. g4
{Otherwise Black would achieve a good position with Bb7, Qe7 and c5.} Bb7 (
13... fxg4 14. hxg4 Bxg4 15. e4 $44) 14. gxf5 $6 {It looks like White is
overevaluating his sacrifice. He should have played:} (14. Rhg1 {For example:}
fxg4 15. hxg4 b4 16. Na4 Qe7 17. Nc5 Bf3 {With a double-edged play.}) 14... b4
15. Na4 Be4 {To release the pressure on g6.} 16. Qc4 Bxh1 17. Rxh1 Qe7 18. fxg6
hxg6 19. Bc2 {[%cal Gc2g6]} Kg7 {[%cal Gf8h8,Gh8h4]} 20. Rg1 (20. Nc5 Bxc5 21.
dxc5 (21. Qxc5 Qxc5 22. dxc5 Rh8 23. Nf4 Rae8 $19 {[%cal Gf6e4]}) 21... a5 {
With Rae8 and Ne4}) 20... Rh8 {[%csl Rh3]} 21. Qc6 (21. Ng3 {[%cal Gg3f5]} Bxg3
22. Rxg3 Ne4 23. Bxe4 Qxe4 24. Qxb4 Qh1+ $17) 21... Rae8 22. Qf3 (22. Qxa6 Rxh3
{White has no serious counter play against Reh8 and Rh1. His knights cannot
move.}) 22... Ne4 {[%csl Ra4] With Na4 out of the game White is helpless.} 23.
Rg4 (23. Bxe4 Qxe4 24. Qxe4 Rxe4 $19 {Wins easily for Black.}) 23... Rh4 $1 {
Exchanging pieces is the simplest way to implement the advantage.} 24. Qg2 (24.
Bxe4 Rxg4 25. hxg4 Qxe4 $19) (24. Rg1 Reh8 {[%csl Rh3][%cal Ge4g5]} 25. Bxe4
Rxe4 $19 {[%csl Rh3][%cal Ge4h4,Ge7e6]}) 24... Rxg4 25. hxg4 Ng5 26. Qd5 Ne4 {
[%csl Rf2]} 27. Qxe4 (27. f3 Nf6 $19 {[%csl Re3]}) 27... Qxe4 28. Bxe4 Rxe4 29.
g5 Be7 30. Kd2 Bxg5 31. Nc5 Re7 32. Nxa6 Bh4 {[%cal Gh4f2,Gf2e3]} 33. Nxb4 $6 {
Makes it easier for black .} (33. Ke1 Rxe3 34. Nxb4 Rf3 $19) (33. f4 b3 34.
axb3 Bf2 $19) (33. Ng3 $5 b3 34. axb3 f5 {Black finally should win.}) 33...
Bxf2 34. Nd5 Re8 35. Nxc7 Rxe3 {[%csl Gf7,Gg6][%cal Gg6g3,Gf7f4] Once the
position is open, The majority of the bishop and rook over the knights is felt
strongly.} 36. a4 Rb3 37. Kc2 Rb7 38. Nb5 g5 39. Nd6 Rd7 40. Ne4 (40. Nf5+ Kf6
{[%csl Rf5]} 41. Nfg3 Bxg3 42. Nxg3 Rxd4 $19) 40... Bxd4 41. Nxg5 Bxb2 $1 42.
Nf3 (42. Kxb2 Rd2+ 43. Kc3 Rxe2 $19) 42... Ba1 43. Nd2 Re7 44. Ng3 Rc7+ 45. Kb1
Be5 46. Nge4 Bf4 {Black will exchange his bishop for one of White's knights,
and if White avoids that he will loose the a-pawn.} 0-1

[Event "EU-Cup 34th"]
[Site "Porto Carras"]
[Date "2018.10.14"]
[Round "3.4"]
[White "Lindberg, Bo"]
[Black "Roiz, Michael"]
[Result "1/2-1/2"]
[WhiteElo "2379"]
[BlackElo "2607"]
[Annotator "Roiz,M"]
[PlyCount "56"]
[EventDate "2018.10.12"]
[EventType "team-swiss"]
[EventRounds "7"]
[EventCountry "GRE"]
[SourceTitle "CBM 187"]
[Source "ChessBase"]
[SourceDate "2018.12.11"]
[SourceVersion "1"]
[SourceVersionDate "2018.12.11"]
[SourceQuality "1"]
[WhiteTeam "Team Viking"]
[BlackTeam "Beer Sheva"]
[WhiteTeamCountry "SWE"]
[BlackTeamCountry "ISR"]

1. d4 Nf6 2. Bg5 {My opponent has a wide experience in Trompowski, so I
definitely expected this move.} d5 3. e3 c5 4. Bxf6 gxf6 5. dxc5 e6 (5... Nc6 {
is another common continuation which was tested on the highest level.} 6. Bb5 (
6. c3 e6 7. b4 a5 8. Qb3 f5 9. Nf3 Bg7 {yielded Black good play for the pawn
in Caruana,F - Giri,A 7th London Classic 2015}) 6... e6 7. c4 dxc4 8. Nd2 Bxc5
9. Ngf3 O-O 10. O-O Na5 11. Rc1 Be7 {Black had no problems in Carlsen,M -
Karjakin,S New York 2016}) 6. Nf3 Bxc5 7. c4 dxc4 8. Nbd2 {White should
definitely deviate from exchanging the queens in order to exploit some
structural drawbacks of Black. However, this move is also connected with a
positional concession.} ({Toothless is} 8. Qxd8+ Kxd8 9. Bxc4 Ke7 10. Nc3 b6
11. Ke2 Bb7 {, and Black's position looks somewhat better due to the bishop
pair.}) 8... c3 {That's the point. Now White's queenside pawn chain is damaged.
} 9. bxc3 Be7 $146 {During my home preparation I briefly looked at this
position and just checked few engine suggestions. Since this move wasn't seen
in human practice, I decided to go for it.} ({The following altenratives were
tested on practice:} 9... Qc7 10. Bd3 (10. Nd4 $5) 10... Nd7 11. O-O b6 12. Nd4
Bb7 13. Nb5 Qb8 14. Be4 a6 15. Nd4 f5 $132 {Artemiev,V - Dubov,D Sochi 2017}) (
9... O-O 10. Be2 Nd7 11. O-O Qc7 12. Qc2 f5 $132 {Bosiocic,M - Gajewski,G
Katowice POL 2017}) (9... Nc6 10. Bb5 Be7 11. Nd4 Qc7 12. Qh5 a6 13. Nxc6 axb5
14. Nxe7 Kxe7 15. O-O Bd7 $11 {Ali Marandi,C - Fier,A Saint Louis 2017}) 10.
Qc2 {This might be somewhat slow.} ({Deserving serious attention was} 10. Be2
$5 Nd7 11. O-O Qc7 12. Nd4 a6 13. f4 Nc5 $132 {, and a complex struggle is
ahead.}) 10... Nd7 11. Rd1 Qc7 12. Nd4 a6 {This move was made almost
automatically - it makes sense to cover b5.} ({Possible was also} 12... O-O 13.
Bd3 f5 14. g4 fxg4 15. h3 g3 {, and Black should be fine.}) 13. Be2 b6 {
My idea was to keep the opportunity of queenside castling for a while.} ({
Another logical way of handling the position is} 13... Nc5 $5 14. O-O Bd7 15.
f4 Ba4 16. N2b3 f5 {with excellent play.}) 14. Bh5 {This move invites
unfavorable complications, but White hardly had an attractive alternative at
his disposal.} ({For isntance, after both} 14. Bf3 Bb7 15. Bxb7 Qxb7 16. O-O
Rc8 $15) ({and} 14. Nc6 Bc5 15. O-O Bb7 16. Nd4 Rc8 $15 {the pressure along
c-file looks annoying.}) 14... O-O 15. Qe4 Nc5 ({Of course, not} 15... Bb7 $2
16. Nxe6 fxe6 17. Qxe6+ Kh8 18. Qxe7 $18) ({However, good enough was also} 
15... Ne5 $1 {, as was pointed out by my teammate GM Alexander Huzman:} 16.
Qxa8 Bb7 17. Qa7 Ra8 18. Qxa8+ Bxa8 19. O-O Qxc3 $17) 16. Qxa8 Bb7 {The queen
is trapped.} 17. Qxf8+ (17. Qa7 Ra8 18. Qxa8+ Bxa8 19. O-O {would lead to the
same character of play.}) 17... Kxf8 {In the unbalanced position which arose
Black's play is much easier.} 18. O-O b5 {This was played rather fast - I was
happy with fixing White's weaknesses.} (18... Na4 19. Nb1 Nb2 20. Rc1 Bd6 $17)
19. c4 $2 {This move makes White's position lost from the positional point of
view.} (19. Bf3 {It was better to give up the pawn:} Bxf3 20. N4xf3 Na4 21. Nb1
Nxc3 22. Nxc3 Qxc3 23. Rc1 $17) 19... b4 20. Bf3 Bxf3 21. N4xf3 Na4 $1 {
Black's pieces start to dominate over the board.} 22. Rc1 Nc3 23. Rc2 Qd7 24.
g3 Qa4 $6 {The first step in the wrong direction.} ({Much more energetic was} 
24... Qd3 25. Ne1 Qe2 26. Ng2 Bd6 $19 {and White is almost paralyzed.}) 25. Rb2
Qa3 26. Rc2 Qa4 27. Rb2 (27. Nd4 $2 Ne2+ $19) 27... Qa3 $2 {I was short on
time and decided to call it a day.} ({At the same time, after} 27... a5 $1 28.
Kg2 Qc6 29. Rc1 f5 {White's position would remain very difficult.}) 28. Rc2 Qa4
1/2-1/2